000 00500nmm a2200169Ia 4500
008 251105s9999||||xx |||||||||||||||||und||
020 _a9789878384726
041 _aspa
100 _aJ. Walton, Roberto
245 0 _aFenomenologia, excedencia y horizonte teológico
264 _a[Buenos Aires, Argentina] :
_bEditorial Sb,
_c2022
300 _a393 páginas
490 _aPost-Visión
650 _aPhilosophy, Ethics
856 _uhttps://public.digitaliapublishing.com/a/129922
942 _cCF
999 _c97731
_d97731